Normal view
MARC view
- Wind turbines
Entry Topical Term
001 - CONTROL NUMBER
- control field: 88785
003 - CONTROL NUMBER IDENTIFIER
- control field: NUST
005 - DATE AND TIME OF LATEST TRANSACTION
- control field: 20220204120639.0
008 - FIXED-LENGTH DATA ELEMENTS
- fixed length control field: 220204|| aca||aabn | a|a d
040 ## - CATALOGING SOURCE
- Original cataloging agency: NUST
- Transcribing agency: NUST
150 ## - HEADING--TOPICAL TERM
- Topical term or geographic name entry element: Wind turbines
670 ## - SOURCE DATA FOUND
- Source citation: Work cat.: (NUST)32925: Jamieson, Peter, 1946- 88784, Innovation in wind turbine design /, 2011.
